00887nam a2200229 a 450000100100000000500170001000800410002704000250006808200190009324500490011224600250016126000360018630000350022249000290025750000270028665000330031371001050034683000350045191000370048695201170052399900170064000004550920250607073643.0150413s1980 dr ac 000 0 spa d aDO-SdBNPbspacBNPHU a615.882bM489f00aMedicina folklórica y atención primaria.00aMedicina folklorica. aSanto Domingo :bSESPAS,c1980. a59 p. :bil., retrs. ;c21 cm.1 aSalud y medicina popular aInventariado, 2019/MFF 4aMedicina folclórica9368141 aRepública Dominicana. b Secretaria de Estado de Salud Pública y Asistencia Social (2001)956549 0aSalud y medicina popular96936 aValidado. Control de calidad MFF 0010718PDaPDbPDcHDd2015-04-13iLF1l0o615.882 M489fp45509-10r2020-06-25w2020-06-25yLFPDZNo se presta c44998d44998